000 00504nam a2200205Ia 4500
003 0100
008 130227s9999 xx 000 0 und d
040 _cARRUPELIB
050 _aJV51.Y68 2001
100 _aYoung, Robert J. C.
245 _aPostcolonialism
245 _ban historical introduction
260 _aOxford OX4 1JF
260 _bBlackwell Publishers
260 _C2001
300 _axi
300 _b 498p. 25cm.
650 _bLanguage and languages--Philosophy
942 _2lcc
_01
999 _c7309
_d7309